Zagłada Żydów w obozie koncentracyjnym na Majdanku

Titel: Zagłada Żydów w obozie koncentracyjnym na Majdanku / Tomasz Kranz
Verfasser:
Ausgabe: Wyd. 2
Veröffentlicht: Lublin : Państwowe Muzeum na Majdanku, 2010
Umfang: 90 S., [21] Bl. : Ill., graph. Darst., Kt.
Format: Buch
Sprache: Polnisch
Schlagworte:
ISBN: 9788391650080
Buchumschlag
X
alg: 29096693
001A    $00026:06-03-12 
001B    $01999:26-04-12 $t10:25:28.000 
001C    $00026:23-04-12 $t14:56:59.000 
001D    $00026:23-04-12 
001U    $0utf8 
001X    $00 
002@    $0Aau 
003@    $0290966930 
004A    $A978-83-916500-8-0 
007A    $0290966930 $aHEB 
007G    $0DE01336D96B3145A75C50C12579EB003646D0 
009P    $qapplication/pdf $A2 $3Inhaltsverzeichnis $uhttp://scans.hebis.de/HEBCGI/show.pl?29096693_toc.pdf $mV:DE-603;B:DE-26 
010@    $apol 
011@    $a2010 
021A    $aZagłada Żydów w obozie koncentracyjnym na Majdanku $hTomasz Kranz 
028A    $7115384154 $8Kranz, Tomasz$Z1960- [Tp1] $9149599145 
032@    $aWyd. 2 
033A    $pLublin $nPaństwowe Muzeum na Majdanku 
034D    $a90 S., [21] Bl. 
034M    $aIll., graph. Darst., Kt. 
041A    $#KZ Majdanek $#obóz koncentracyjny Majdanek $74268005-0 $8Konzentrationslager Majdanek [Tb1] $9086433342 
045E    $c940 
045F    $a940.531853843 $eDDC22ger 
045F/01 $a940.53185 
045F/03 $g43843 
045R    $aGeschichte 
046M    $aLiteraturverz. S. 85 - [91] 

lok: 29096693 78

exp: 29096693 78 1 #EPN
201B/01 $006-03-19 $t11:07:30.000 
201C/01 $006-03-19 
201U/01 $0utf8 
203@/01 $01047127709 
208@/01 $a06-03-19 $be 
209A/01 $a/ $f000 $x00 
209A/01 $ab*p $x01 
220C/01 $aeja 
244Z/01 $#Generalgouvernement Polen $#Polska $#Rzeczpospolita Polska $#Polska Rzeczpospolita Ludowa $#Poland $#Pologne $#République Polonaise $#Generalne Gubernatorstwo w Polsce $#Polish People's Republic $#Polska Rzeczpospolita Polen $#PRL $#RP $#Polen Generalgouvernement $#Polska Generalgouvernement $#Besetzte Polnische Gebiete $#Besetztes Gebiet in Polen $#Okupowane Polskie Obszary $#Obszary Okupowane w Polsce $#Volksrepublik Polen $#Polska Rosyjska $#Republic Polen $#Respublika Pol'ša $#Pol'skaja Narodnaja Respublika $#République de Pologne $#Polen Links der Weichsel $#Polska po Lewej Stronie Wisły $#Lenkija $#Polija $#Gubernija Carstva Pol'skago $#Republik Polen $74046496-9 $8--Tg1--Polen $x01 $9085129801 
244Z/01 $#Holocaust, Jewish (1939-1945) $#Shoah $#Holocausto judío (1939-1945) $#Endlösung $#Holocaust $#Holokaust $#Judenfrage Endlösung $#Schoah $#Shoah $#Shoʾah $#Shoa $#Drittes Reich Judenvernichtung $#Šô'ā $#Juden Vernichtung $74073091-8 $8--Ts1--Judenvernichtung $x02 $9085205818 
244Z/01 $aGeschichte 1941-1944 $x03 
247C/01 $82080>Marburg/Lahn, Herder-Institut, Forschungsbibliothek, Bibliographieportal $9336309341 

lok: 29096693 204

exp: 29096693 204 1 #EPN
201B/01 $015-06-12 $t10:33:01.000 
201C/01 $006-03-12 
201U/01 $0utf8 
203@/01 $0639088260 
208@/01 $a06-03-12 $bzUB 
209A/01 $aFH his Ld 8.71, 2.Aufl. $du $f000 $hfh his ld 8 71 / a 2 $x00 
209G/01 $a61319603 $x00 
245S/01 $a10200 $x01 
247C/01 $8631000-x <26>Gießen, Universität Gießen, Universitätsbibliothek Gießen $9102596697
LEADER 00000cam a2200000 c 4500
001 290966930
003 DE-603
005 20120426102528.0
007 tu
008 120306s2010 xx |||| | u00||u|pol c
020 |a 9788391650080 
035 |a (DE-599)HEB290966930 
040 |a DE-603  |b ger  |c DE-603  |d DE-603 
041 |a pol 
082 0 4 |8 1\u  |a 940.531853843  |q DE-101  |2 22/ger 
084 |a 940  |q DE-101  |2 sdnb 
085 |8 1\u  |b 940.53185 
085 |8 1\u  |z 2  |s 43843 
100 1 |a Kranz, Tomasz  |d 1960-  |0 (DE-603)149599145  |0 (DE-588)115384154  |2 gnd 
245 0 0 |a Zagłada Żydów w obozie koncentracyjnym na Majdanku  |c Tomasz Kranz 
250 |a Wyd. 2 
264 1 |a Lublin  |b Państwowe Muzeum na Majdanku  |c 2010 
300 |a 90 S., [21] Bl.  |b Ill., graph. Darst., Kt. 
504 |a Literaturverz. S. 85 - [91] 
610 1 7 |a Konzentrationslager Majdanek  |2 gnd  |0 (DE-588)4268005-0  |0 (DE-603)086433342 
648 7 |a Geschichte  |2 gnd 
856 4 2 |m V:DE-603;B:DE-26  |q application/pdf  |u http://scans.hebis.de/HEBCGI/show.pl?29096693_toc.pdf  |3 Inhaltsverzeichnis 
924 0 |9 2080  |a (DE-603)1047127709  |b DE-2080  |c HES  |d d  |g / 
924 0 |9 26  |a (DE-603)639088260  |b DE-26  |c HES  |d c  |g FH his Ld 8.71, 2.Aufl.